[Event "Sautron op 13th"]
[Site "Sautron"]
[Date "2013.10.31"]
[Round "7"]
[White "Lejarre, Ludovic"]
[Black "Drasko, Milan"]
[Result "1/2-1/2"]
[WhiteElo "2371"]
[BlackElo "2451"]
[Annotator "RR"]
[PlyCount "50"]
[EventDate "2013.10.26"]
[EventType "swiss"]
[EventRounds "9"]
[EventCountry "FRA"]
[SourceTitle "EXT 2016"]
[Source "ChessBase"]
[SourceDate "2015.10.08"]
[SourceVersion "1"]
[SourceVersionDate "2015.10.08"]
[SourceQuality "1"]
[TimeControl "40/5400+30:1800+30"]
[WhiteClock "1:30:00"]
[BlackClock "1:30:00"]

1. e4 {[%emt 0:00:00]} e6 {[%emt 0:00:00]} 2. d3 {[%emt 0:00:26]} d5 {[%emt 0:
00:03]} 3. Nd2 {[%emt 0:00:24]} Nf6 {[%emt 0:00:15]} 4. Ngf3 {[%emt 0:00:28]}
b6 {[%emt 0:01:13]} 5. c3 {[%emt 0:00:42]} Be7 {[%emt 0:02:55]} 6. Qa4+ {
[%emt 0:03:43]} Nfd7 {[%emt 0:04:47]} (6... c6 7. e5 Nfd7 8. Qg4 g6 9. h4 h5
10. Qf4 c5 11. Ng5 Bxg5 12. hxg5 Nc6 13. Nf3 Qc7 14. g4 Ba6 15. gxh5 gxh5 16.
Qa4 Ncxe5 17. Nxe5 Qxe5+ 18. Be3 d4 19. cxd4 cxd4 20. Qxd4 Rc8 21. f4 Qxd4 22.
Bxd4 f6 23. Kd2 Bb7 24. Rh4 e5 25. Re1 O-O 26. Bh3 Rcd8 27. fxe5 fxe5 28. Bxe5
Rf2+ 29. Kc3 Nxe5 30. Rxe5 Rf3 31. Bf5 Bc8 32. Be4 Rh3 33. Rf4 Ba6 34. Bf5 Rg3
35. Rd4 Rxd4 36. Kxd4 {Gual Pascual,A (2446)-Alsina Leal,D (2545) Sabadell
2011 1/2-1/2}) 7. d4 {[%emt 0:11:04]} O-O {[%emt 0:04:21]} 8. Bd3 {[%emt 0:03:
26]} a5 {[%emt 0:17:05]} 9. O-O {[%emt 0:08:07]} Ba6 {[%emt 0:03:16]} 10. Bxa6
{[%emt 0:00:55]} Rxa6 {[%emt 0:05:31]} 11. Re1 {[%emt 0:02:51]} Re8 {[%emt 0:
04:24]} 12. exd5 {[%emt 0:05:28]} exd5 {[%emt 0:00:56]} 13. Nf1 {[%emt 0:00:11]
} Nf8 $146 {[%emt 0:12:33][%cal Gf8e6,Gf8g6]} (13... c6 14. Ng3 Nf8 15. Nf5 Ne6
16. Ne5 Bf8 17. Qd1 g6 18. Nh6+ Bxh6 19. Bxh6 Qh4 20. Bd2 Ra7 21. Re3 Qd8 22.
Qe2 Rae7 23. Qf3 f5 24. Re2 Qd6 25. Qg3 Ng7 26. Rae1 Nd7 27. Bg5 Re6 28. Bh6 a4
29. Qd3 b5 30. h3 Nh5 31. g4 fxg4 32. hxg4 Nhf6 33. Bf4 Nxe5 34. Bxe5 Qe7 35.
Qh3 g5 36. Re3 Qf7 37. Bxf6 {1/2-1/2 (37) Marotta Moraes,C-Turkov,V RCCA corr
2004}) 14. Bf4 {[%emt 0:07:01]} Ne6 {[%emt 0:01:22]} 15. Bg3 $14 {[%emt 0:00:
41][%csl Ra6,Rb8] Le GMI a quelques difficultés à terminer le développement}
Qd7 {[%emt 0:05:13]} 16. Qc2 {[%emt 0:04:22]} Nc6 {[%emt 0:06:22]} 17. Ne3 {
[%emt 0:03:22]} Raa8 {[%emt 0:00:42]} 18. Ng4 {[%emt 0:07:20]} (18. Nf5 Bf6)
18... Bd6 {[%emt 0:02:59]} 19. Qf5 {[%emt 0:08:13]} Bxg3 {[%emt 0:04:00]} 20.
hxg3 {[%emt 0:00:47]} Nf8 $1 {[%emt 0:00:38][%cal Gf8h7,Gf8g6,Gf8d7] Un coup
prophylactique pour anticiper la menace Ng5 tout en préparant l'échange des
R sur la colonne "e"} 21. Qg5 {[%emt 0:07:24]} (21. Qh5 {[%csl Rf7,Rh7][%cal
Gf3g5]}) 21... Ng6 {[%emt 0:04:10]} 22. Re3 {[%emt 0:08:10]} Rxe3 {[%emt 0:02:
40]} 23. Nxe3 {[%emt 0:00:07]} Nce7 {[%emt 0:01:01]} 24. Re1 {[%emt 0:02:21]}
f6 {[%emt 0:01:42]} (24... Rd8) 25. Qh5 {[%emt 0:00:13]} Rf8 1/2-1/2

[Event "Rohde op 12th"]
[Site "Sautron"]
[Date "2012.10.30"]
[Round "5"]
[White "Pancevski, Filip"]
[Black "Nguyen, Chi Minh"]
[Result "1-0"]
[WhiteElo "2482"]
[BlackElo "2392"]
[Annotator "RR"]
[PlyCount "65"]
[EventDate "2012.10.27"]
[EventType "swiss"]
[EventRounds "9"]
[EventCountry "FRA"]
[SourceTitle "EXT 2014"]
[Source "ChessBase"]
[SourceDate "2013.11.20"]
[SourceVersion "1"]
[SourceVersionDate "2013.11.20"]
[SourceQuality "1"]
[TimeControl "40/5400+30:1800+30"]
[WhiteClock "1:30:00"]
[BlackClock "1:30:00"]

1. e4 {[%emt 0:00:00]} e6 {[%emt 0:00:23]} 2. Qe2 $5 {[%emt 0:00:05]} Be7 {
[%emt 0:01:13][%cal Gd7d5]} (2... c5 3. g3) (2... d5 $143 3. exd5 Qxd5 4. Nc3
$14) 3. Nf3 {[%emt 0:00:11]} d5 {[%emt 0:00:14]} 4. d3 {[%emt 0:00:14]} Nf6 {
[%emt 0:00:31]} 5. g3 {[%emt 0:00:31]} b5 $5 {[%emt 0:00:30] Reprenant une
idée de Kortchnoi} (5... c5) 6. Bg2 {[%emt 0:01:31]} dxe4 {[%emt 0:00:18]} 7.
dxe4 {[%emt 0:00:08]} b4 {[%emt 0:00:11][%cal Gc8a6,Ga6e2]} 8. Nbd2 {[%emt 0:
14:17]} Ba6 {[%emt 0:00:54]} 9. Nc4 {[%emt 0:01:02]} O-O {[%emt 0:01:23]} 10.
b3 {[%emt 0:05:35]} (10. O-O {[%cal Gf1d1]}) 10... Nc6 {[%emt 0:06:12]} 11. Bb2
{[%emt 0:05:18]} Bc5 {[%emt 0:07:20]} 12. Rd1 {[%emt 0:04:40]} Qe7 {[%emt 0:00:
54]} 13. O-O {[%emt 0:01:15]} e5 {[%emt 0:08:40]} 14. Bh3 {[%emt 0:17:14]} Rfd8
{[%emt 0:06:04]} 15. Rd3 {[%emt 0:01:57]} Bd4 {[%emt 0:06:40]} (15... Bxc4 16.
Rxd8+) 16. Bxd4 {[%emt 0:08:01]} Bxc4 {[%emt 0:08:16]} 17. bxc4 {[%emt 0:00:49]
} Nxd4 {[%emt 0:00:36]} 18. Nxd4 {[%emt 0:00:44]} Rxd4 {[%emt 0:05:01]} 19.
Rxd4 {[%emt 0:00:54]} exd4 {[%emt 0:00:05]} 20. e5 $14 {[%emt 0:01:24][%csl
Gh3][%cal Gf2f4]} Re8 {[%emt 0:03:25]} 21. f4 {[%emt 0:06:11]} Nd7 {[%emt 0:02:
49]} 22. Re1 {[%emt 0:11:21]} (22. Qd3) 22... Nc5 {[%emt 0:02:07]} (22... f6 $6
23. Qe4 {[%csl Rd7][%cal Ge4d5,Gd5g8,Gd5d7]}) (22... Nf8 $11) 23. Qd2 {[%emt 0:
01:26]} Rd8 {[%emt 0:01:51]} 24. Qxb4 {[%emt 0:01:11]} d3 $6 {[%emt 0:00:37]}
25. cxd3 {[%emt 0:00:56]} Kf8 {[%emt 0:00:43]} 26. Rd1 {[%emt 0:03:29]} g5 {
[%emt 0:05:53]} 27. d4 {[%emt 0:04:11]} gxf4 {[%emt 0:01:52]} 28. gxf4 {
[%emt 0:03:51]} Ne6 {[%emt 0:00:55]} 29. Qxe7+ {[%emt 0:00:06]} Kxe7 {[%emt 0:
00:04]} 30. Bxe6 {[%emt 0:00:08]} Kxe6 {[%emt 0:00:05]} 31. Kf2 {[%emt 0:00:14]
} Rb8 {[%emt 0:00:36]} 32. Ke3 {[%emt 0:00:11]} Rb4 {[%emt 0:00:59]} 33. d5+ {
[%emt 0:00:09]} 1-0

[Event "FRA-chT Top 12"]
[Site "Drancy"]
[Date "2016.06.05"]
[Round "9.6"]
[White "Grafl, Florian"]
[Black "Ider, Borya"]
[Result "0-1"]
[WhiteElo "2396"]
[BlackElo "2430"]
[Annotator "RR"]
[PlyCount "58"]
[EventDate "2016.05.28"]
[EventType "team-tourn"]
[EventRounds "11"]
[EventCountry "FRA"]
[SourceTitle "CBM 172 Extra"]
[Source "ChessBase"]
[SourceDate "2016.06.21"]
[SourceVersion "1"]
[SourceVersionDate "2016.06.21"]
[SourceQuality "1"]
[WhiteTeam "Saint Quentin"]
[BlackTeam "Mulhouse Philidor"]
[WhiteTeamCountry "FRA"]
[BlackTeamCountry "FRA"]
[TimeControl "40/5400+30:1800+30"]

{Prix de beauté de la ronde 9} 1. e4 {[%emt 0:00:00]} e6 {[%emt 0:00:00]} 2.
b3 {[%emt 0:00:00]} d5 {[%emt 0:00:00]} 3. Bb2 {[%emt 0:00:00]} dxe4 {[%emt 0:
00:28]} 4. Nc3 {[%emt 0:00:00]} Nf6 {[%emt 0:00:06]} 5. Qe2 {[%emt 0:00:00]} (
5. g4) 5... Be7 {[%emt 0:00:14]} 6. Nxe4 {[%emt 0:00:00]} O-O {[%emt 0:00:17]}
7. Nf3 {[%emt 0:00:00]} b6 {[%emt 0:00:21]} 8. O-O-O {[%emt 0:14:15]} Bb7 {
[%emt 0:00:14]} 9. Nxf6+ {[%emt 0:04:06]} Bxf6 {[%emt 0:01:26]} 10. d4 {
[%emt 0:00:06]} (10. Ne5 a5 11. a4 Nc6 12. f4 Qd5 13. Qe3 Nxe5 14. fxe5 Be7 15.
Rg1 Rab8 16. Bd3 Rbd8 17. Qh3 h6 18. Be2 Bc6 19. d4 b5 20. axb5 Bxb5 21. c4 Qe4
22. Bd3 Qc6 23. Rgf1 Rb8 24. Bc2 Bxc4 25. bxc4 Rb4 26. Bc3 Rxc4 27. Rd3 a4 28.
Kd1 Qb5 29. Qf3 c5 30. d5 exd5 31. Qf5 g6 32. Rg3 Bg5 33. Qd3 Qd7 34. Rgf3 Qe6
35. h3 Kg7 36. Bb1 Re4 37. Rf6 Re3 38. Rxe6 Rxd3+ 39. Bxd3 fxe6 {Pfretzschner,
R (2548)-Talpak,T (2529) ICCF email 2013 1-0 (74)}) 10... a5 {[%emt 0:00:03]}
11. a4 {[%emt 0:00:35]} Na6 {[%emt 0:00:52]} 12. Ne5 {[%emt 0:09:16]} Qe7 $146
{[%emt 0:05:45]} (12... Nb4 13. f4 c6 14. h4 b5 15. c3 Nd5 16. axb5 cxb5 17.
Qxb5 Qc7 18. Qc4 Qd6 19. Qc5 Qb8 20. Qb5 Rc8 21. Rh3 a4 22. bxa4 Qc7 23. Rf3
Ra5 24. Qb3 Nb6 25. Bb5 Bxf3 26. gxf3 Rca8 27. Nc6 Rxa4 28. Bxa4 Nxa4 29. Ne5
Nxb2 30. Qxb2 Bxh4 31. Kc2 Bg3 32. Nd3 g6 33. Ra1 Rxa1 34. Qxa1 h5 35. Qa8+ Kg7
36. d5 Qe7 37. c4 exd5 38. Qxd5 h4 39. Qd4+ Kh7 40. Ne5 h3 41. Ng4 Qe2+ 42. Kb1
{Hrvacic,P (1972)-Lehnen,P (2276) LSS email 2010 0-1}) 13. Qg4 {[%emt 0:07:21]}
Nb4 {[%emt 0:03:48]} 14. Bc4 {[%emt 0:16:13]} c6 {[%emt 0:16:42]} 15. Rhe1 {
[%emt 0:16:10]} b5 {[%emt 0:01:23]} 16. axb5 {[%emt 0:00:04]} cxb5 {[%emt 0:00:
06]} 17. Bxb5 {[%emt 0:00:10]} Rfc8 {[%emt 0:00:33]} 18. c4 {[%emt 0:01:53]} a4
$36 {[%emt 0:18:04][%csl Rc1]} 19. Bxa4 {[%emt 0:09:39]} Rxa4 $1 {[%emt 0:00:
54]} 20. bxa4 Qe8 21. Kd2 {[%emt 0:01:45]} Qxa4 {[%emt 0:00:41]} 22. Ke2 {
[%emt 0:00:05]} Nc2 {[%emt 0:07:29]} 23. Kf1 {[%emt 0:05:53]} Nxe1 {[%emt 0:00:
49]} 24. Rxe1 {[%emt 0:00:03]} Bxe5 {[%emt 0:01:34]} 25. dxe5 {[%emt 0:00:36]}
Rxc4 {[%emt 0:01:07]} 26. Qd1 {[%emt 0:01:54]} Qa8 {[%emt 0:01:56]} 27. f3 {
[%emt 0:00:05]} Bd5 $17 {[%emt 0:00:05][%csl Rf1]} 28. Kg1 {[%emt 0:03:13]} Qa5
{[%emt 0:02:59]} 29. h3 $4 (29. Kh1) 29... Qb6+ {[%csl Rb2]} 0-1

[Event "Moscow op-A 04th"]
[Site "Moscow"]
[Date "2008.02.03"]
[Round "2"]
[White "Shumilina, Alexandra"]
[Black "Kosyrev, Vladimir"]
[Result "0-1"]
[WhiteElo "2317"]
[BlackElo "2509"]
[Annotator "Reeh,O"]
[PlyCount "44"]
[EventDate "2008.02.02"]
[EventType "swiss"]
[EventRounds "9"]
[EventCountry "RUS"]
[SourceTitle "CBM 123"]
[Source "ChessBase"]
[SourceDate "2008.04.02"]
[SourceVersion "1"]
[SourceVersionDate "2008.04.02"]
[SourceQuality "1"]

1. e4 e6 2. f4 d5 3. e5 c5 4. Nf3 Nc6 5. c3 Qb6 6. Na3 Nh6 7. Nc2 Nf5 8. Bd3 g6
9. Ne3 Be7 10. O-O Bd7 11. b3 h5 12. Kh1 O-O-O 13. Nxf5 gxf5 14. Bc2 Kb8 15. a3
d4 16. Qe2 f6 17. b4 fxe5 18. fxe5 Rhg8 19. Rb1 Qc7 20. Bd3 Rg4 $1 {It's
natural to try and double rooks on the g-file, but Black also has other things
in mind... Der erste Schritt zur Turmverdopplung in der g-Linie, aber Schwarz
hat da auch noch andere Ideen...} 21. Bb2 $2 {Surprisingly losing material.
Verliert überraschend Material.} ({Quite okay for White was Ganz ordentlich
für Weiß war} 21. b5 Na5 22. cxd4) {[%tqu "En","How would you play with
Black?","One white light piece is in grave danger!","Black's rook on g4 not
only works vertically, but also horizontally!","c5c4","Excellent!  This move
forces the white bishop to c4 - and thus into the radius of the rook on g4! 
Have you already seen how things develop then?",20,"De","Wie würden Sie mit
Schwarz spielen?","Eine weiße Leichtfigur schwebt in höchster Gefahr!","Der
schwarze Turm g4 wirkt nicht nur vertikal, sondern auch horizontal.","c5c4",
"Ausgezeichnet!  Dieser Zug zwingt den weißen Läufer nach c4 - und damit in
den Wirkungskreis des Turms auf g4.  Haben Sie schon gesehen, wie es
weitergeht?",20]} 21... c4 $1 {Forcing the white bishop onto a most vulnerable
square. Zwingt den weißen Läufer auf ein höchst anfälliges Feld.} 22. Bxc4 (22.
Bc2 d3 {is of course no alternative. ist natürlich keine Alternative.}) {
[%tqu "En","Continue Black's idea initiated with 21...c4!","Clear the fourth
rank for the rook!","","d4c3","Of course!",10,"De","Setzen Sie die mit 21...
c4! eingeleitete Idee von Schwarz fort.","Legen Sie die vierte Reihe für den
Turm frei!","","d4c3","Na klar!",10]} 22... dxc3 $1 {Black's rook on g4 not
only works in the g-file, but also on the fourth rank! Der schwarze Turm auf
g4 wirkt nicht nur in der g-Linie, sondern auch auf der vierten Reihe!} (22...
dxc3 {and White resigned, since after und Weiß gab auf, denn nach} 23. Bxc3 {
[%tqu "En","What now?","Pick up the bishop on c4!","","g4e4","and the queen
can't keep contact to the bishop on c4 (24.Qd3 Bc8).",10,"De","Was nun?",
"Sacken Sie den Läufer auf c4 ein!","","g4e4","und die Dame kann den Kontakt
zum Läufer auf c4 nicht mehr halten (24.Qd3 Bc8).",10]} Re4 $1 {the queen
can't keep contact to the bishop on c4 (24.Qd3 Bc8). kann die Dame den Kontakt
zum Läufer auf c4 nicht mehr halten (24.Qd3 Bc8).}) 0-1

[Event "Asian Continental op 16th"]
[Site "Chengdu"]
[Date "2017.05.19"]
[Round "8"]
[White "Adhiban, Baskaran"]
[Black "Sadorra, Julio Catalino"]
[Result "0-1"]
[WhiteElo "2672"]
[BlackElo "2575"]
[Annotator "Sadorra,J"]
[PlyCount "100"]
[EventDate "2017.05.12"]
[EventType "swiss"]
[EventRounds "9"]
[EventCountry "CHN"]
[SourceTitle "CBM 179"]
[Source "ChessBase"]
[SourceDate "2017.07.12"]
[SourceVersion "1"]
[SourceVersionDate "2017.07.12"]
[SourceQuality "1"]

{This occurred in the critical penultimate round of the event. I was paired
with the ever-present and strong Adhiban who needless to say wanted to win in
this game to gain great chances to earn a spot for 2017 World Cup. He is also
known for his surprising opening choices, therefore during preparation I
reviewed some main lines and sidelines that he might spring upon me!} 1. e4 e6
2. Qe2 {Honestly, this is not one of the lines I reviewed but fortunately I
had a back up line that I had studied way before the event.} c5 3. Nf3 Nc6 4.
g3 {Here, I could still go to French waters with knight to f6 or bishop to e7
but he probably had something prepared there.} g6 {Officially using the
Sicilian setup vs. the King's Indian Attack.} 5. Bg2 Bg7 6. O-O Nge7 7. c3 O-O
8. Na3 ({If} 8. d3 d5 9. e5 (9. Na3 h6 {followed by either e6-e5 or b7-b6.})
9... h6 {[%csl Gg5][%cal Gc1g5]} 10. d4 b6 {and Black should be solid here.})
8... d6 9. Nc2 {Preparing d4.} e5 10. b4 $6 {During the game, I wasn't aware
that this move had already been played before.} h6 ({I didn't like taking on
b4 as it will give his dark squared bishop something to do on b2. But previous
games shows that it's also good for Black so long as it's followed up with
d5-d4, shutting down the bishop!} 10... cxb4 11. cxb4 d5 $1 12. d3 a6 13. Bb2
d4 14. a4 Be6 $11 {Black already has a good position.} 15. Ng5 Bb3 16. Ra3 (16.
b5 Na5 17. f4 {0-1 (41) Bojkov,D (2411)-Krasenkow,M (2573) Kavala 2001} exf4 $1
18. gxf4 Nc4 $1 19. Bc1 Bxc2 20. Qxc2 Ne3 $17) 16... Bxc2 17. Qxc2 {1/2-1/2 
(30) Debashis,D (2477)-Grover,S (2467) Sharjah 2013} Nxb4 18. Qb3 a5 19. f4 (
19. Nf3 Nec6 20. Nd2 Nb8 $1 {[%cal Gb8d7,Gd7c5]} 21. Nc4 Nd7 $17) 19... Nec6
20. Raa1 exf4 21. gxf4 Bh6 22. Nh3 Qd7 $17) 11. b5 Na5 12. d4 $6 {This looked
really ambitious and risky during the game as White opens up the centre while
he's behind in development.} exd4 13. cxd4 Be6 {[%csl Rb5,Rc4,Rd4][%cal Re6c4,
Rg7d4,Ra5c4,Rc4e2,Rc4b5] I thought the most logical approach is to simply
develop where I can also put pressure on his weaknesses.} 14. Rd1 ({Another
possibility for him that I considered was} 14. d5 {but after the simple} Bd7 (
14... Bxa1 {is simply too risky and most probably the kind of game my opponent
was looking for!} 15. Nxa1 (15. Bxh6 $5 Bg7 16. Bxg7 Kxg7 17. dxe6 f6 (17...
fxe6 18. Ng5 Qd7 19. Bh3 Rf6 20. Ne3 $40) 18. Ne3 $36) 15... Bd7 16. Bxh6 Re8
$4 17. Qb2) 15. Rb1 Re8 (15... a6 16. bxa6 b5 $5) 16. Be3 f5 $1 {I have a nice
version of the Benoni for Black.}) {After my opponent played his move, I
stopped to check my plan with bishop to c4 and after I spotted a strong idea
on move 16, at least practically; I went for the pawn grab.} 14... Bc4 15. Qe1
Bxb5 16. dxc5 Ba4 $1 {After this, my opponent spent around 30 min which was
the correct thing to do as he has problems to solve with his loose pieces.} 17.
Rxd6 {During the game, I also thought this was White's best reply. However, a
deeper analysis of the position suggests otherwise.} (17. Bd2 $142 $1 {When I
was checking this in his thinking time, things were a bit of a blur but I
thought I'd simply gain the exchange after} Bxc2 (17... Bxa1 18. Rxa1) (17...
Nc4 18. Bc3 $1 (18. Rac1 Nb2)) 18. Rdc1 ({What I missed was} 18. Bxa5 b6 (18...
Qc8 19. cxd6 Bxd1 20. dxe7 Bxf3 21. Rc1 $16) 19. Rxd6 $1 Qc7 20. Rc1 $16) 18...
Bxa1 (18... Bd3 $2 19. Bxa5 Qd7 (19... b6 20. cxb6 axb6 21. Bc3 $1 $16) 20. Bc3
$16) 19. Bxa5 (19. Rxc2 Bg7 $17) 19... b6 20. Rxc2 bxa5 21. Qxa1 Rc8 {and
White doesn't have any compensation for the exchange.}) 17... Qc7 {White still
has problems with his queenside pieces but he surprisingly still has a way to
solve it, only it requires more precision.} 18. Bf4 $6 (18. Ncd4 $142 $1 Qxc5
19. Bf4 g5 {this looks very shakey for White but a concrete solution is
available in} 20. Rc1 $1 Qa3 21. Qxa5 {is more foreseeable in a game} (21. Rc3
$5 Qxa2 22. Be5 f6 23. Bh3 $1 $36) 21... gxf4 22. Qc5 {stablising the position}
Qxc5 23. Rxc5 fxg3 24. hxg3 $11) 18... g5 19. Rd4 gxf4 20. Rxa4 Bxa1 21. Nxa1
Nac6 22. e5 Ng6 $1 {I was happy to find this positional pawn sac as it allows
my pieces to gain good squares.} 23. gxf4 Qd7 24. Nb3 Rad8 $2 ({I first
considered the forcing move} 24... Ncxe5 $1 25. Nxe5 (25. Rd4 Nxf3+ 26. Bxf3
Qf5 $17 (26... Nh4 $1 $17)) 25... Qxa4 26. Nxg6 fxg6 27. Qe6+ {However, I
incorrectly thought White could obtain perpetual chances or "unnecessary
counterplay" here after} Kh7 ({But he doesn't if I had checked the other
retreat} 27... Kg7 $1 28. Qe5+ (28. Qe7+ Rf7 29. Qe5+ Kh7) 28... Rf6 $1 {
is what I missed} (28... Kh7 29. Qe7+ $11) 29. Qe7+ (29. Nd4 Re8) 29... Rf7 30.
Qe5+ Kh7 $19) 28. Qe7+ Kh8 29. Qe5+ Kg8 30. Bd5+ $11) 25. Re4 {Now White gets
to re-group his forces for better defence.} Kh7 ({A better king move was} 25...
Kh8 {But over the board it's difficult to discern which square will be more
beneficial.}) 26. Nbd4 $6 {Now White gets to re-group his forces for better
defence.} (26. h3 $5 {creating an airhole for the king on h2} Qf5 $2 (26... Rg8
27. Kh2 Nce7 28. Nbd4 $13) 27. Nbd4 Nxd4 28. Nxd4 Qh5 29. Kh2 $1 Nh4 30. Bh1
$13) (26. Nbd2 {is also possible but only if the correct follow-up is found}
Qf5 (26... Rg8 27. Kh1 $13) 27. Qb1 $3 (27. Qe3 Rg8 28. Kh1 Nge7 $17 {[%cal
Gg8g7,Gd8g8,Ge7d5]}) 27... Rg8 28. Kh1 Rxd2 $2 (28... Kh8 29. Qxb7 $1 $132) 29.
Nxd2 Nh4 30. Bf1 {and Black cannot finish White off as his queen is tied down
to protect the king.}) 26... Nxd4 27. Nxd4 {This was a critical moment for me
as I had to choose which attacking move to make first: rook to g8 or knight to
h4?} Nh4 $1 ({is inaccurate due to} 27... Rg8 28. e6 $1 fxe6 (28... Qe7 29. Nf5
Qf6 30. exf7 Qxf7 31. Ng3 $13) 29. Nxe6 Nh4 (29... Rde8 30. f5 $36) 30. Ng5+
hxg5 31. Re7+ $16) 28. e6 Qe7 $1 {When I first checked the line starting with
knight to h4 I thought it was good for White until I noticed this quiet move.}
(28... fxe6 $2 29. Nxe6 Rg8 30. Ng5+ $1 $16) 29. exf7 Qf6 30. Ne2 $1 {
Adhiban's resourcefulness enables him to find this strong defensive idea which
made me focus more even though I knew I was able to increase my advantage
earlier.} (30. Qb1 Qg6 $19) (30. Nf3 Nxg2 31. Kxg2 Rxf7 $17) 30... Rxf7 31. Ng3
Rfd7 $6 (31... Nxg2 $142 32. Kxg2 Qc6 $1 33. Qe3 Rd5 $15) ({or} 31... Qc6 $1
$15) 32. Qe2 Nxg2 33. Kxg2 Qc6 34. Qg4 ({Or immediately} 34. Kh3 Qxc5 35. Re6 {
would've given White equal chances already.}) 34... Rf7 35. Kh3 $1 Rg8 36. Qe6
$2 {Misjudgment mainly caused by time shortage.} ({During the post mortem we
both thought that after} 36. Qh5 Qd7+ 37. f5 ({I also thought that White could
defend by running back to g2} 37. Kg2 $5 Rf5 (37... Rgf8 38. f5) 38. Qe2 $15)
37... Rg5 {White is in trouble} 38. Qh4 ({But what we missed is} 38. Qf3 Rfxf5
39. Nxf5 Rxf5 40. Re7+ $1 {this tactical idea} (40. Qg4 Rh5+ 41. Kg2 Rg5 $19))
(38. Qe2 $5) 38... Rfxf5 $1 {White is in trouble.}) 36... Qxe6+ 37. Rxe6 Rg6 $1
{Simplifying the game into a rook versus knight ending where White's weak
pawns will easily drop.} 38. Rxg6 Kxg6 39. Kg4 Rd7 {Planning to quickly seize
the weak a-pawn.} ({The engine points out another way to convert:} 39... b6 $1
40. cxb6 (40. f5+ Kg7 41. Ne4 Rc7 42. cxb6 axb6 {[%csl Ra2][%cal Gc7c2,Gc2a2]})
40... axb6 41. f5+ Kh7 42. Ne4 Ra7 43. Nc3 Ra3 44. Nd5 b5 $19) 40. f5+ Kg7 {
Avoiding any resources connected with a check on e4.} 41. Ne4 Rd4 42. Kf4 ({If
} 42. Kf3 {I was calculating} Ra4 43. Nd6 Kf6 44. Nxb7 Kxf5 45. c6 Ra3+ $1 {
an important intermediate check} 46. Ke2 Ke6 47. f4 Rxa2+ 48. Kd3 {and I will
pick up another pawn soon e.g.} Ra3+ 49. Ke4 (49. Kc4 Rf3) 49... Ra4+ 50. Ke3
Rc4 $19) 42... Ra4 43. Ke5 Rxa2 44. Kd6 Kf8 $1 {Simply eliminating any
counterplay connected with his king going to e7.} 45. Kc7 Rb2 46. Nd6 a5 47.
Nc4 Rc2 48. Nxa5 Rxc5+ 49. Kb6 Rxf5 50. Nxb7 Rxf2 {With this win, I went into
the last round with a chance to fight for 1st place. Though things didn't go
as well as planned and desired in the last round against another strong player,
I was happy with the way I fought till the end and with my overall play
against the top players in Asia!} 0-1